Droit administratif
Salvato in:
| Autori principali: | , |
|---|---|
| Natura: | Libro |
| Lingua: | francese |
| Pubblicazione: |
París
Armand Colin
1991
|
| Edizione: | 3a. ed |
| Soggetti: | |
| Tags: |
Aggiungi Tag
Nessun Tag, puoi essere il primo ad aggiungerne!!
|
MARC
| LEADER | 00000nam a2200000 a 4500 | ||
|---|---|---|---|
| 001 | UCV3592 | ||
| 003 | CL-VaPUC | ||
| 008 | 930923e19910000FR |||||||||||||||||fre|d | ||
| 082 | 0 | 4 | |a 342 |b DUP |2 21 |
| 100 | 0 | |a Dupuis, Georges |e author |9 297829 | |
| 700 | 0 | |a Guédon, Marie-José |e author |9 297830 | |
| 245 | 1 | 0 | |a Droit administratif |
| 250 | |a 3a. ed | ||
| 300 | |a 559 p | ||
| 942 | |c BK | ||
| 945 | |d 19930923 00:00:00 | ||
| 260 | |a París |b Armand Colin |c 1991 | ||
| 650 | 0 | |a Derecho administrativo |9 254851 | |
| 651 | 0 | |a Francia |9 255157 | |
| 583 | |a last modification |c 19930923 00:00:00 |k Rodrigo Vera | ||
| 999 | |c 210745 |d 210743 | ||
| 952 | |0 0 |1 0 |4 0 |6 342_000000000000000_DUP_1991 |7 0 |8 A |9 187221 |a BIBDER |b BIBDER |d 2019-11-14 |i 2549190 |o 342 DUP 1991 |p 2549190 |r 2023-01-25 |w 2019-11-14 |y BK |k DER | ||